[Event "Goldmoney Asian Rapid | Knockout"]
[Site "Online"]
[Date "2021.06.30"]
[Round "7.3"]
[White "Ding, Liren"]
[Black "Duda, Jan Krzysztof"]
[Result "1-0"]
[WhiteElo "2799"]
[BlackElo "2729"]
[EventDate "2021.??.??"]
[Annotator "Bojkov,Dejan"]
[PlyCount "127"]
[Beauty "6190121650732"]
[EventType "rapid"]

1.d4 d5 2.c4 c6 3.Nf3 Nf6 4.Nc3 e6 5.Bg5 Nbd7 6.e3 Qa5 7.cxd5 Nxd5 8.Rc1 h6 ( {Carlsen and Artemiev discussed the endgame after} 8...Bb4 9.a3 Bxc3+ 10.bxc3 b6 11.Qd2 h6 12.Bh4 c5 13.c4 Qxd2+ 14.Nxd2 Ne7 15.f3 Nf5 16.Bf2 {and eventually the world champion managed to capitalize on his bishop-pair advantage in Carlsen,M (2847)-Artemiev,V (2709) Online 2021} ) 9.Bh4 Nxc3 10.bxc3 Ba3 11.Rc2 b6 12.Be2 Ba6 13.O-O Bxe2 14.Rxe2 O-O 15.c4 $146 {Ding is slowly building his advantage in the center.} ( {An earlier game saw} 15.e4 Rfe8 16.c4 {but then Black managed to destroy the opponent's seemingly mighty construction with} 16...b5 17.d5 cxd5 18.cxd5 exd5 19.exd5 Bf8 20.Rfe1 Rxe2 21.Rxe2 Rc8 22.g4 {Martirosyan,H (2613) -Hovhannisyan,R (2641) Yerevan 2020} ) 15...Rfe8 16.Qc2 Rac8 17.Rd1 Bf8 {Duda, on his turn, prepares to strike back in the central area.} ( {Therefore, the Polish GM avoids the more active} 17...Bd6 {as after} 18.e4 {Black cannot push any of his central pawns.} ) 18.h3 ( {Whereas now} 18.e4 {will be successfully met with} 18...e5 19.dxe5 ( {Black also has enough counterplay after} 19.d5 Qb4 ) 19...Nxe5 20.Nxe5 Qxe5 ) 18...c5 {That was the point behind Black's play so far, but it looks risky anyway.} 19.d5 exd5 ( 19...e5 {would not have solved Black's problems at all as} 20.Rb1 a6 21.a4 Rb8 22.Qb3 {paralyzes Black's play on the queenside, and White can slowly bring his kingside pawns into motion.} ) 20.Rxd5 $1 {The most aggressive idea.} ( {After} 20.cxd5 c4 {Duda would enjoy his queenside counterplay.} ) 20...Nb8 {Played a tempo.} 21.Red2 {Ding brings into the game every single attacking unit.} ( {Already here the piece sacrifice is interesting:} 21.Ne5 Nc6 22.Nxf7 Kxf7 23.Qh7 ) 21...b5 {Duda believes that he has enough time to create threats on the opposite wing and that everything is defended in his camp. Therefore, he keeps the knight where it is as it protects the seventh rank. However, Ding has another powerful idea in mind.} ( 21...Nc6 $1 {would be the lesser evil, although there too White's initiative is annoying after} 22.Rd7 Qa6 23.Qf5 ) 22.Ne5 $1 {Just centralization, right?} 22...bxc4 ( {Perhaps it is not too late for} 22...Nc6 23.Nxf7 Kxf7 24.Qh7 Ne7 {Although White's attack remains strong after} 25.Rd7 ) 23.Nxf7 $3 {Nope! The knight has a very concrete idea on its mind: to lure the enemy king out of his safehouse.} 23...Qa6 {A sad necessity.} ( {As} 23...Kxf7 24.Qh7 $1 {exposes the black king and it cannot escape mate, say} 24...c3 25.Rf5+ Ke6 26.Qg6# ) 24.Rd6 $1 {Another powerful blow.} 24...Qb7 {And once again Duda rejects the offer.} ( {Rightly so, as Black's position is hopeless after} 24...Bxd6 25.Nxh6+ gxh6 ( 25...Kf8 26.Qf5# ) ( {Or} 25...Kh8 26.Nf7+ Kg8 27.Rxd6 ) 26.Qg6+ Kf8 27.Qxh6+ Kf7 28.Qf6+ Kg8 29.Qg6+ Kf8 30.Rxd6 {and decisive material losses for Black are on the way.} ) 25.Nxh6+ gxh6 26.Rg6+ Bg7 ( 26...Kf7 27.Qf5# {does not inspire.} ) 27.Bf6 Rc7 28.Qxc4+ {Up to here Ding's attack has been flawless. However, this natural human move throws away the largest portion of the advantage.} ( {The amazingly cool} 28.Rg4 $3 {would have left Black completely tied up, for example} 28...Qb6 ( {Or} 28...Rf7 29.Rd6 Nd7 30.Bxg7 Rxg7 31.Rxg7+ Kxg7 32.Qg6+ Kf8 33.Qxh6+ Ke7 34.Re6+ Kd8 35.Qh4+ {and wins.} ) ( {Or} 28...Kh8 29.Qg6 ) 29.Qc3 {and Black practically has no moves.} ) ( {Why the rook needs to step back is illustrated by this simple line:} 28.Qc3 $4 Qb1+ ) ( {The machine suggests another winning idea:} 28.f3 {but this is something that I will not be able to understand in the coming 27 years at least.} ) 28...Kh7 29.Rxg7+ Rxg7 30.Bxg7 Qxg7 31.Rd5 ( {Weaker is} 31.Qxc5 $6 Qa1+ 32.Kh2 Qe5+ ) ( {However, the preliminary check} 31.Qc2+ $5 {forces the king to step on the back rank, and then} 31...Kh8 32.Qxc5 {makes perfect sense.} ) 31...Rc8 ( {After} 31...Rg8 {White likely intended} 32.g4 $1 ) 32.Qd3+ ( {Maybe even stronger is} 32.Qe4+ Kh8 33.Re5 ) 32...Kh8 33.Qf5 {White's position is much easier to play as his king is safer and his major pieces more active. Duda, however, defends very tenaciously and manages to enter an endgame with precise play.} 33...Rg8 34.g3 Rf8 35.Qe6 c4 36.Rh5 Kh7 37.Qxc4 Nd7 38.Rd5 Nb6 ( {Maybe} 38...Ne5 39.Qe4+ Ng6 {to keep the knight closer to the king is even better.} ) 39.Qe4+ Qg6 40.Qxg6+ Kxg6 41.Ra5 Rf7 {Make no mistake, this endgame is far from equal no matter what the machine claims. The pawns are becoming far more dangerous than the light piece in the endgame, and it is extremely easy to go wrong as Black.} 42.Kg2 Nc4 43.Ra6+ Kg7 44.g4 Ne5 45.f4 Nc4 46.Re6 Rf6 47.Re4 ( {White could have also pushed for a win in the rookless endgame after} 47.Rxf6 Kxf6 48.e4 ) 47...Rc6 48.Kg3 a5 49.h4 a4 50.g5 h5 ( 50...Kg6 $1 {is correct.} ) 51.f5 Nd6 52.Re5 a3 {At some point Black needs to sacrifice the knight for a couple of the dangerous enemy pawns.} ( {This plan could have worked in case of} 52...Rc4 53.Rd5 Rg4+ 54.Kf3 Nxf5 ( 54...Nf7 {should be OK too.} ) 55.Rxf5 Rxh4 {and this should be a draw.} ) 53.Rd5 {It is already very dangerous for Black.} 53...Kf7 ( {The lines} 53...Ne4+ 54.Kf4 Rc4 55.Ke5 ) ( {And} 53...Rb6 54.Kf3 {are very unpleasant for Black.} ) 54.Kf4 Ke7 55.g6 ( 55.e4 $1 {might be even better.} ) 55...Rc4+ ( {At first the computer is excited about the line} 55...Kf6 56.e4 Nxf5 57.exf5 Rc4+ {but Black does not seem likely a survivor here.} ) 56.Kg5 Ne4+ 57.Kh6 Nf6 ( {The last chance is} 57...Kf6 $1 58.g7 Rc8 59.Rd7 Ng3 60.Kh7 Nxf5 61.g8=Q Rxg8 62.Kxg8 Nxh4 {although there too White should be able to convert somehow.} ) 58.Re5+ Kf8 59.Re6 Ng8+ 60.Kh7 Rxh4 61.f6 Rg4 62.Ra6 Nxf6+ 63.Rxf6+ Ke7 64.Rf2 1-0

[Event "Goldmoney Asian Rapid | Prelims"]
[Site "Online"]
[Date "2021.06.26"]
[Round "2"]
[White "Giri, Anish"]
[Black "Firouzja, Alireza"]
[Result "1-0"]
[WhiteElo "2780"]
[BlackElo "2759"]
[EventDate "2021.??.??"]
[Annotator "Bojkov,Dejan"]
[PlyCount "59"]
[Beauty "8249424248358"]
[EventType "rapid"]

1.e4 c5 2.Nf3 Nc6 3.Bb5 e6 4.O-O Nge7 5.Re1 a6 6.Bf1 b6 ( {Giri apparently prepared something in the line} 6...d5 7.exd5 Nxd5 8.d4 Nf6 9.Be3 cxd4 10.Nxd4 Bd7 11.c4 Be7 12.Nc3 O-O 13.a3 {which was played just days ago in Svidler,P (2714)-Firouzja,A (2759) Paris 2021} ) 7.Nc3 $146 {An obvious developing move and a novelty.} ( {An earlier game saw} 7.d4 cxd4 8.Nxd4 Nxd4 9.Qxd4 Nc6 10.Qd2 Qc7 11.c4 Bd6 12.h3 Bb7 13.Nc3 Rd8 14.Qd1 O-O 15.Be3 {with approximate equality in Naiditsch,A (2626)-Anton Guijarro,D (2703) Biel 2020} ) 7...Bb7 {Firouzja continues with his development.} ( 7...d5 8.d4 {looks promising for White instead.} ) 8.d4 cxd4 9.Nxd4 Ng6 {That is definitely risky.} ( {More in the Taimanov spirit was the trade of the knights:} 9...Nxd4 10.Qxd4 {followed by} 10...Nc6 11.Qd1 Qc7 {True, in this case too White has a promising piece sacrifice:} 12.Nd5 $5 exd5 13.exd5+ Ne5 {when both follow-ups} 14.f4 ( 14.Qh5 $5 {might be more precise although Black looks solid with} 14...d6 15.f4 g6 16.Qe2 Bg7 ) 14...Bc5+ 15.Kh1 ( {Or} 15.Be3 O-O ) 15...d6 {will lead to some slight edge for White.} ) 10.Nf5 $1 {That's more than unplesant for Black.} 10...d6 ( {As he cannot accept the sacrifice} 10...exf5 11.exf5+ Nge5 ( {Whereas} 11...Nge7 {is plain wrong and Black is lost after} 12.Nd5 f6 13.Qh5+ g6 14.fxg6 hxg6 15.Qxg6# ) 12.f4 {Looks grim for Black after} 12...Bc5+ 13.Be3 Bxe3+ 14.Rxe3 d6 15.Ne4 $1 ) 11.Nd5 $1 {Who said that Giri plays \"dry\" chess? That is definitely not the first time when he follows in Tal's footprints!} ( {Objectively} 11.Be3 $1 {would have been even stronger though as Black still cannot accept the sacrifice, for} 11...exf5 ( {The b6-point is vulnerable too in the line} 11...Qc7 12.Na4 $1 ( 12.Nd5 $5 ) 12...b5 13.Nb6 Rd8 14.c4 $1 {with a nasty initiative for White.} ) 12.exf5 Nge5 13.Nd5 {Highlighting the weakness on b6.} ) 11...Nce5 $1 {The best defense.} ( {It makes sense not to open the files for the white major pieces yet with} 11...exd5 12.exd5+ Nce5 13.f4 Qd7 14.Qd3 $1 Ne7 {as there is the strong} 15.fxe5 $1 Qxf5 16.exd6 Qxd3 17.Bxd3 Bxd5 18.dxe7 Bxe7 {with a pleasant endgame for White after both} 19.a4 ( {And} 19.Be3 ) ) 12.f4 exd5 ( {It made sense to capture with the piece instead:} 12...Bxd5 $1 {Then} 13.exd5 ( {Giri likely planned} 13.Nxg7+ $1 Bxg7 14.exd5 exd5 15.c4 $1 {But Black is solid here as well after} ( {Certainly not} 15.Qxd5 $2 Ne7 ) 15...O-O 16.fxe5 Bxe5 {despite the crippled pawn structure.} ) 13...exf5 14.fxe5 dxe5 15.Qh5 Bc5+ 16.Kh1 Qd7 {is very good for Black.} ) 13.exd5 Qd7 14.Qd3 $1 {An important resource for White.} 14...Bc8 $1 {Firouzja definitely needs to get rid of this knight in order to finish the development.} 15.g4 {Giri insists.} ( {White's desire not to retreat is understandable} 15.Nd4 Be7 16.fxe5 Nxe5 {This allows Black a chance to finish the development, although some problems remain after} 17.Qg3 ) ( {However, an alternative way to defend the knight} 15.Qc3 {was not just fancy, but strong. The knight is immune:} 15...Qxf5 ( {Therefore} 15...Qb7 {seems forced, when White will still opt for} 16.fxe5 dxe5 17.g4 {but that's much more favorable for him than in the game.} ) 16.Qc6+ ( {Or first} 16.fxe5 Nxe5 {and then} 17.Qc6+ ) ) 15...h5 {Black also opens the enemy king.} 16.fxe5 dxe5 ( 16...Nxe5 17.Bf4 f6 {was possible too.} ) 17.Bh3 ( {Here} 17.Qg3 {was tricky, intending to sacrifice the exchange after} 17...hxg4 ( {And second} 17...Bc5+ 18.Be3 Bxe3+ 19.Rxe3 Kf8 {looks fine for the second player.} ) 18.Rxe5+ {But first of all this is unclear after} 18...Kd8 ( {Rather than} 18...Nxe5 19.Qxe5+ Kd8 20.Be3 {which is really dangerous for Black.} ) ) 17...Bc5+ 18.Kh1 Kf8 ( {More accurate would have been} 18...hxg4 19.Bxg4 Kf8 ) 19.c4 ( {As now White could have fixed his advantage with} 19.g5 $1 {Which locks the black rook. Then} 19...Bb7 ( {Or} 19...Qc7 20.c4 ) 20.c4 b5 21.b3 {and Black can hardly move.} ) 19...hxg4 {The rook is opened again, and it is unclear.} 20.Bxg4 Qc7 {Natural, but not optimal according to the engine.} ( {The machine prefers instead} 20...Qd8 $5 21.Qe4 Bxf5 22.Bxf5 Rh4 {when Black is fine.} ) 21.Qe4 Bxf5 {A concrete solution.} ( {Perhaps Black should have kept his bishop.} 21...Bd7 $5 ) 22.Bxf5 Rh4 23.Qg2 Nf4 ( {Surprisingly, Black can even sacrifice a pawn here with} 23...Re8 $5 24.Bxg6 fxg6 25.Qxg6 Qf7 26.Qxf7+ Kxf7 {with compensation.} ) 24.Bxf4 Rxf4 25.d6 {That's the problem, the rook is hanging and Firouzja needs to play very accurately.} 25...Qd8 ( {Correct was} 25...Qb8 $1 {in order to meet} 26.Rad1 {with} 26...Bxd6 27.Rxd6 ( 27.Be4 Ra7 ) 27...Rxf5 ) 26.Rad1 ( {Apparently, the time deficit starts to tell.} 26.Rxe5 $1 {would have been strong of course as} 26...Bxd6 27.Rd5 {is plain bad for Black.} ) 26...Bd4 ( {Not} 26...Bxd6 $2 27.Rxd6 ) ( {But a safer option would have been} 26...Rb8 $1 27.Qh3 Rh4 ) 27.d7 {This pawn is dangerous.} ( {But the play along the f-file would have been even stronger} 27.Rf1 $1 Rxf1+ 28.Rxf1 Ra7 29.Qd5 Qa8 30.Be6 {as the light squares in Black's camp suffer.} ) 27...Rb8 {The rook finally steps on a safe square.} ( {However, it was mandatory to safeguard the king instead with} 27...g6 $1 28.Bh3 Rb8 ( {Or} 28...Kg7 ) ) ( {Giri's trick is revealed in the line} 27...Rxf5 28.Rxd4 exd4 29.Qh3 $1 {winning the queen.} ( {But not} 29.Re8+ Qxe8 30.dxe8=Q+ Rxe8 {when Black should win.} ) ) 28.Rf1 $1 {With the trade of this active piece Black's position suddenly collapses.} 28...Qf6 ( {However Firouzja's position seemed lost anyway. The point is that in the line} 28...Rxf1+ 29.Rxf1 Kg8 {The king walks into a mating net. True, it is not obvious, but it's pretty anyway:} 30.Bh7+ $3 Kxh7 31.Rxf7 Qg8 ( {Or} 31...e4 32.Qxe4+ Kg8 33.Qd5 {winning.} ) 32.Qh3+ Kg6 33.Rf5 $3 {with inevitable mate.} ) 29.Rxf4 exf4 30.Qd5 1-0

[Event "Paris Rapid & Blitz"]
[Site "Paris"]
[Date "2021.06.21"]
[Round "11.2"]
[White "Kramnik, Vladimir"]
[Black "Svidler, Peter"]
[Result "1-0"]
[WhiteElo "2753"]
[BlackElo "2714"]
[EventDate "2021.??.??"]
[Annotator "Bojkov,Dejan"]
[PlyCount "47"]
[Beauty "8247947828259"]
[EventType "blitz"]
[EventCountry "FRA"]

1.e4 {The game between the two legends of Russian chess cannot be missed. Especially when knowing that the former world champion has officially retired from active play. But look at his first move: Kramnik is as aggressive as before.} 1...c5 2.Nf3 d6 3.d4 cxd4 4.Nxd4 Nf6 5.Nc3 a6 {Svidler is ready for the battle as well.} 6.Bc4 {The Fischer-Sozin is once again in the spotlight, especially in rapid and blitz!} 6...e6 7.Be3 Qc7 ( {An honorable mention of the recent game of one of the greatest Najdorf specialists of our time:} 7...b5 8.Bb3 Be7 9.a3 O-O 10.f3 Bb7 11.Qe2 Nbd7 12.g4 Rc8 13.g5 Nh5 14.Rg1 g6 15.O-O-O Rxc3 $1 16.bxc3 Qa5 17.Nxe6 $1 {with a total mess in Aronian,L (2781)-Vachier Lagrave,M (2784) Online 2021} ) 8.Bb3 Nbd7 9.f3 h5 {A modern-aggressive prophylaxis against White's kingside attacking plan.} 10.a3 $5 $146 {And an interesting novelty in return.} ( {Black did well after} 10.Qe2 Nc5 11.O-O-O Be7 12.Rhe1 b5 13.Bg5 b4 14.Nb1 Nxb3+ 15.axb3 Bb7 16.Nd2 Rc8 {Markgraf,A (2483) -Blohberger,F (2434) Germany 2020} ) 10...Ne5 {This might not be the most accurate solution.} ( 10...b5 $5 11.Qe2 Rb8 {seems more flexible, keeping the knight in reserve for the time being. It can always choose the correct maneuver later.} ) 11.Qe2 Bd7 ( {Here too} 11...b5 {seems more accurate with the idea to meet} 12.f4 {with} ( {Although White seems better in the line} 12.O-O-O Rb8 13.Bg5 b4 14.axb4 Rxb4 15.Rhe1 ) 12...Nc4 ) 12.f4 {Now this is unpleasant for Black as the knight has only one reasonable move.} 12...Neg4 13.O-O-O {Playing for the development.} ( {After} 13.Bg1 e5 14.fxe5 Nxe5 {Svidler's position will make perfect sense.} ) 13...Nxe3 14.Qxe3 g6 ( {Here} 14...e5 {is not as effective as after} 15.fxe5 dxe5 16.Nf3 $5 {Black has difficulties with his development} ( 16.Nf5 {also looks good for White.} ) 16...Bc5 17.Qg5 ) 15.Kb1 {The human move. The king steps out of the possible skewer.} ( {It is curious to see the computer insisting on} 15.Rd3 ) 15...Bh6 {Svidler is desperately trying to avoid the opening of the center, but comes short by one move.} ( {Also dangerous for Black was} 15...Bg7 16.f5 e5 17.fxg6 $1 exd4 ( {Or a positional nightmare in case of the trade} 17...fxg6 18.Ne6 Bxe6 19.Bxe6 ) 18.Bxf7+ Kd8 19.Rxd4 {with three pawns and an attack for the sacrificed piece.} ) ( {However,} 15...O-O-O {seemed mandatory.} ) 16.Qf3 $1 {The ideal square for the queen. The strongest piece stepped out of the pin and is now preparing the decisive assault.} 16...Rc8 ( {It is already too late for} 16...O-O-O 17.f5 gxf5 18.exf5 e5 19.Ne6 $1 fxe6 20.fxe6 Bg7 21.exd7+ Qxd7 22.Nd5 {with a typical, light-squared dominance in an opposite-colored bishop middlegame.} ) ( {Whereas} 16...O-O 17.f5 {is even more horrible for Black.} ) 17.f5 gxf5 ( {The utility of the white queen is demonstrated by the line} 17...e5 18.fxg6 exd4 19.Qxf6 ) 18.exf5 e5 {The center is locked.} 19.Ne6 $1 {But only for a moment. This is one of those moves that Kramnik plays by hand.} 19...Qc6 20.Nd5 {This almost misses the win.} ( {Correct was} 20.Qf2 $1 {when Black is helpless, for example} 20...Rg8 21.Qh4 fxe6 22.fxe6 Rg6 23.Rhf1 {and White prevails.} ) 20...Nxd5 21.Bxd5 Qxc2+ 22.Ka1 Rg8 {Svidler returns the favor.} ( {He could have reestablished his coordination in the line} 22...Bc6 $1 23.Qxh5 ( {Not} 23.Bxc6+ bxc6 24.Rxd6 $2 ( {However, a super-nice and logical line is} 24.Rhf1 Rb8 25.Rf2 e4 26.Nc7+ Kd7 27.Rxd6+ Kxc7 28.Rxc2 exf3 29.Rcxc6+ {with perpetual check.} ) 24...Bc1 $1 {and Black mates first.} ) 23...Bxd5 24.Rxd5 Qxg2 25.Rhd1 Bg7 {The queen on g2 is omnipresent.} ) ( {The capture of the knight was losing after} 22...fxe6 23.fxe6 Qh7 24.exd7+ Qxd7 25.Bxb7 ) 23.Qxh5 Bc6 {Now it is too late for this because there is a sudden retreat:} 24.Nd4 $1 ( {White is winning the house in the line} 24.Nd4 exd4 25.Qxf7+ Kd8 26.Qxg8+ Kc7 27.Qh7+ ) 1-0